| 000 | 01004nam a2200361 a 4500 | ||
|---|---|---|---|
| 003 | AR-BaBNM | ||
| 005 | 20251128210133.0 | ||
| 008 | 082120s2002 ||||||||||||||000 | spa|| | ||
| 020 | _a968-23-1571-9 | ||
| 040 | _cAR-BaBNM | ||
| 100 | 1 | _aCoriat, Benjamin | |
| 245 | 0 | 0 |
_aEl taller y el cronometro _bensayo sobre el taylorismo, el fordismo y la producción en masa |
| 250 | _a11ª ed. | ||
| 260 |
_aMéxico, D.F. _bSiglo Veintiuno _c1997 |
||
| 300 |
_avii, 204 p. _bgráfs. |
||
| 490 | 0 | _aSociología y política | |
| 650 | 4 | _aECONOMIA | |
| 650 | 4 | _aTEORIA ECONOMICA | |
| 650 | 4 | _aSOCIOLOGIA ECONOMICA | |
| 650 | 4 | _aECONOMISTAS | |
| 650 | 4 | _aTRABAJO | |
| 650 | 4 | _aEMPRESAS | |
| 650 | 4 | _aRECURSOS HUMANOS | |
| 650 | 4 | _aRELACIONES LABORALES | |
| 650 | 4 | _aECONOMIA | |
| 650 | 4 | _aPRODUCCION | |
| 650 | 4 | _aECONOMIA INDUSTRIAL | |
| 650 | 4 | _aFACTORES DE PRODUCCION | |
| 650 | 4 | _aCAPITALISMO | |
| 700 | 1 |
_aFigueroa Pérez, Juan Miguel _etraductor |
|
| 942 | _cBK | ||
| 998 | _cMARTIN | ||
| 999 |
_c14205 _d14205 |
||